Нормален изглед
MARC изглед
- Крумов, Борис
Вход 01. Лично име
001 - Контролен номер на записа
- Контролно поле: 419697
003 - Код на организацията, даваща контролен номер
- Контролно поле: BLK
005 - Дата и час на последна промяна на записа
- Контролно поле: 20200722110616.0
008 - Данни с фиксирана дължина – обща информация
- Данни с фиксирана дължина : 200722|| aca||aabn | a|a d
100 ## - ИМЕ НА ЛИЦЕ -ПЪРВИЧНА ИНТЕЛЕКТУАЛНА ОТГОВОРНОСТ
- Лично име: Крумов, Борис
- Ключова дума за отношение: Първи автор
942 ## - Системна служебна употреба
- Koha auth type: PERSO_NAME